Química 2 - físico-química e química orgânica (Record no. 144171)

MARC details
000 -LÍDER
campo de controle de tamanho fixo 00902 a2200181 4500
001 - NÚMERO DE CONTROLE
campo de controle 144171
040 ## - FONTE DA CATALOGAÇÃO
Instituição que transcreveu o registro Leonardo Da Vinci
041 ## - CÓDIGO DE IDIOMA
Código do idioma do texto/trilha sonora ou título diferente Português
-- Português
082 ## - CDD - CLASSIFICAÇÃO DECIMAL DE DEWEY
Número de Classificação AP540 U83q
Número do exemplar U83q
100 ## - ENTRADA PRINCIPAL--NOME PESSOAL
Nome pessoal USBERCO, João
-- LEMBO, Antônio
-- CARVALHO, Geraldo Camargo de
245 ## - TÍTULO
Título Química 2 - físico-química e química orgânica
Restante do título Livro texto
250 ## - EDIÇÃO
Edição LT - 2° edição
260 ## - PUBLICAÇÃO, DISTRIBUIÇÃO, ETC.
Nome do editor, distribuidor, etc. Anglo
Data da publicação, distribuição, etc. 2002
Local de publicação, distribuição, etc. São Paulo
300 ## - DESCRIÇÃO FÍSICA
Extensão 116
362 ## - DATAS DE PUBLICAÇÃO E/OU DESIGNAÇÃO SEQUENCIAL
Datas de publicação e/ou designação sequencial 20110127
697 ## - ENTRADA DE ASSUNTO LOCAL--ENTIDADE COLETIVA (RLIN)
Nome corporativo ou nome da jurisdição Físico-química
-- Soluções
-- Termoquímica
-- Cinética química
-- Equilíbrio
-- Oxiredução
-- Propriedades coligativas das soluções
-- Orgânica
-- Cadeias carbonicas
-- Fontes de hidrocarbonetos e combustão
-- Nomenclatura
-- Propriedades físicas dos compostos orgânicos
-- Isomeria
-- Reação de substituição
-- Reação de adição
-- Reação de oxidação de alquenos
-- Álcoois
-- Ácidos carboxilios
-- Polímeros
-- LT
942 ## - ELEMENTOS DE ENTRADA ADICIONADOS (KOHA)
Tipo de material Koha Livros
Holdings
Situação do descarte Situação das perdas Situação física Não pode ser emprestado Biblioteca de origem Biblioteca atual Data de aquisição Total de empréstimos Número de chamada completo Código de barras Data de último acesso Data do preço efetivo Tipo de material Koha
        Leonardo Da Vinci - Osasco Leonardo Da Vinci - Osasco 27/03/2024   AP540 U83q AP2997 27/03/2024 27/03/2024 Livros
        Leonardo Da Vinci - Osasco Leonardo Da Vinci - Osasco 27/03/2024   AP540 U83q AP2994 27/03/2024 27/03/2024 Livros
        Leonardo Da Vinci - Osasco Leonardo Da Vinci - Osasco 27/03/2024   AP540 U83q AP3063 27/03/2024 27/03/2024 Livros
        Leonardo Da Vinci - Osasco Leonardo Da Vinci - Osasco 27/03/2024   AP540 U83q AP3154 27/03/2024 27/03/2024 Livros
        Leonardo Da Vinci - Osasco Leonardo Da Vinci - Osasco 27/03/2024   AP540 U83q AP3485 27/03/2024 27/03/2024 Livros